LEADER 01006nam0-2200337 --450 001 9910676800303321 005 20230606121022.0 010 $a0121822001 100 $a20230328d1999----kmuy0itay5050 ba 101 $aeng 102 $aUS 105 $a 001yy 200 1 $aOxidants and antioxidants$fedited by Lester Packer$geditorial advisory board Bruce N. Ames ... [et al.] 210 $aSan Diego [etc.]$cAcademic Press$dc1999 215 $av.$d24 cm 225 $aMethods in Enzymology 327 $a299: Part A ; 300: Part B 517 1 $aOxidants and antioxidants.$9IT\ICCU\MIL\0395318 610 0 $aAntiossidanti 610 0 $aOSSIDANTI 676 $a572.53$v22 702 1$aPacker,$bLester 702 1$aAmes,$bBruce N. 801 0$aIT$bUNINA$gREICAT$2UNIMARC 901 $aBK 912 $a9910676800303321 952 $aBSF-MET.ENZ.-1 (299$b1135$fSC1 952 $aBSF-MET.ENZ.-1 (300$b1136$fSC1 959 $aSC1 996 $aOxidants and antioxidants$983580 997 $aUNINA LEADER 03665nam 22007454a 450 001 9910972337903321 005 20251114135630.0 010 $a1-280-08733-1 010 $a9786610087334 010 $a0-585-43739-4 024 7 $a10.1596/0-8213-5005-6 035 $a(CKB)111056486748528 035 $a(OCoLC)48761092 035 $a(CaPaEBR)ebrary10020684 035 $a(SSID)ssj0000085839 035 $a(PQKBManifestationID)11120984 035 $a(PQKBTitleCode)TC0000085839 035 $a(PQKBWorkID)10025257 035 $a(PQKB)10760385 035 $a(MiAaPQ)EBC3050516 035 $a(Au-PeEL)EBL3050516 035 $a(CaPaEBR)ebr10020684 035 $a(CaONFJC)MIL8733 035 $a(The World Bank)2001045659 035 $a(US-djbf)12489988 035 $a(BIP)7335781 035 $a(EXLCZ)99111056486748528 100 $a20010801d2001 uf 0 101 0 $aeng 135 $aurcn||||||||| 181 $ctxt$2rdacontent 182 $cc$2rdamedia 183 $acr$2rdacarrier 200 10$aChina and the knowledge economy $eseizing the 21st century /$fCarl Dahlman, Jean-Eric Aubert 205 $a1st ed. 210 $aWashington, D.C. $cWorld Bank$dc2001 215 $axxvi, 170 pages $cillustrations ;$d27 cm 225 1 $aWBI development studies 300 $aBibliographic Level Mode of Issuance: Monograph 311 08$a0-8213-5005-6 320 $aIncludes bibliographical references (p. 167-170). 327 $aIntro -- Foreword -- Acknowledgments -- Contents -- Abbreviations -- Executive Summary -- 1 Catching up with the advanced countries -- PART 1 Challenges to China's future -- 2 Ensuring China's development -- 3 Positioning China in the global knowledge revolution -- PART 2 Building the foundations of the knowledge economy -- 4 Updating economic incentives and institutions -- 5 Investing in China's human capital -- 6 Building the information infrastructure -- PART 3 Raising the technological level of the economy -- 7 Diffusing technology throughout the economy -- 8 Improving the research and development system -- 9 Exploiting global knowledge -- 10 Moving to action -- References. 330 $aThis book was prepared by World Bank in collaboration with the Chinese government and leading academics. It argues that, in order to address the growing economic, social, and political pressures of the 21st Century, China will have to build solid foundations for a knowledge-based economy by updating the economic and institutional regime, upgrading education and learning, and building information infrastructure. China must also raise the technological level of the economy by diffusing new technologies actively throughout the economy, improving the research and development sytem, and exploiting global knowledge. 410 0$aWBI development studies. 606 $aKnowledge management$zChina 606 $aInformation technology$zChina$xManagement 606 $aTechnological innovations$xEconomic aspects$zChina 606 $aTechnology and state$zChina 606 $aEducation and state$zChina 607 $aChina$xEconomic conditions$y2000- 615 0$aKnowledge management 615 0$aInformation technology$xManagement. 615 0$aTechnological innovations$xEconomic aspects 615 0$aTechnology and state 615 0$aEducation and state 676 $a338.951/06 700 $aDahlman$b Carl J.$f1950-$01856945 701 $aAubert$b Jean-Eric$01856946 801 0$bMiAaPQ 801 1$bMiAaPQ 801 2$bMiAaPQ 906 $aBOOK 912 $a9910972337903321 996 $aChina and the knowledge economy$94456890 997 $aUNINA